000 00959nab a2200193 4500
001 768714001
003 CO-MdFUSB
005 20250728100433.0
008 250728t1993 cr ||||| |||| 00| 0 spa d
040 _bspa
_cCO-MdFUSB
_dCO-MdFUSB
100 _aRooy, Sidney H.,
_eautor
245 _aPerspectiva histórica de la llegada de los españoles
_c/ Sidney H. Rooy
300 _aVolumen 12, número 2 (abril - julio, 1993), páginas: 28 - 29
_c; 27 cm
520 _aLa luna de miel primer encuentro de Colón con los indios no perduró el año tradicional que esperamos para los recién casados. Con tanta frecuencia blanqueamos el pasado para olvidarnos más fácilmente de los tropiezos sobre los derechos ajenos.
653 _aConquista de América Latina
773 0 _049402
_959656
_dBuenos Aires
_oR0774
_tIglesia y Misión
_w(CO-MdFUSB)19
_gVolumen 12, número 2 (abril - julio, 1993), páginas: 28 - 29
_qpáginas: 28
942 _cANA
945 _aJTF-925
999 _c71408
_d71408